Can You Name Every American Girl Movie? - Statistics

General Stats
  • This quiz has been taken 27 times
  • The average score is 7 of 10
Answer Stats
Answer % Correct
An American Girl: McKenna Shoots for the Stars
90%
Molly: An American Girl on the Home Front
90%
An American Girl: Chrissa Stands Strong
80%
An American Girl: Grace Stirs Up Success
80%
Kit Kittredge: An American Girl
80%
Samantha: An American Girl Holiday
80%
An American Girl: Isabelle Dances Into the Spotlight
60%
An American Girl: Lea to the Rescue
60%
Felicity: An American Girl Adventure
60%
An American Girl: Saige Paints the Sky
50%
No matching quizzes found
Score Distribution
Percent of People with Each Score
Percentile by Number Answered
Your Score History
You have not taken this quiz